[Event "European Women's Championship"]
[Site "Vysoke Tatry"]
[Date "2018.04.11"]
[Round "4"]
[White "Danielian, Elina"]
[Black "Kashlinskaya, Alina"]
[Result "1/2-1/2"]
[Board "7"]
[WhiteElo "2410"]
[WhiteTitle "GM"]
[WhiteCountry "ARM"]
[WhiteFideId "13300210"]
[WhiteEloChange "1"]
[BlackElo "2450"]
[BlackTitle "IM"]
[BlackCountry "RUS"]
[BlackFideId "4198026"]
[BlackEloChange "-1"]

1. d4 {[%clk 1:30:57]} Nf6 {[%clk 1:30:53]} 2. Nf3 {[%clk 1:31:00]} d5 {[%clk
1:31:12]} 3. c4 {[%clk 1:31:10]} e6 {[%clk 1:31:33]} 4. Nc3 {[%clk 1:31:19]} Bb4
{[%clk 1:31:53]} 5. cxd5 {[%clk 1:30:42]} exd5 {[%clk 1:32:13]} 6. Qc2 {[%clk
1:30:27]} O-O {[%clk 1:31:02]} 7. Bg5 {[%clk 1:30:44]} h6 {[%clk 1:28:43]} 8. Bh4
{[%clk 1:30:52]} c5 {[%clk 1:27:27]} 9. dxc5 {[%clk 1:29:19]} Nbd7 {[%clk
1:27:20]} 10. e3 {[%clk 1:15:57]} g5 {[%clk 1:26:16]} 11. Bg3 {[%clk 1:16:14]}
Nxc5 {[%clk 1:26:32]} 12. Be2 {[%clk 1:12:32]} Nfe4 {[%clk 1:25:54]} 13. O-O
{[%clk 1:04:33]} Bxc3 {[%clk 1:25:58]} 14. bxc3 {[%clk 1:05:02]} Bf5 {[%clk
1:25:28]} 15. Qb2 {[%clk 1:04:11]} Qe7 {[%clk 1:19:53]} 16. Nd4 {[%clk 0:50:07]}
Bg6 {[%clk 1:18:30]} 17. c4 {[%clk 0:50:23]} h5 {[%clk 0:59:18]} 18. Nb5 {[%clk
0:31:36]} a6 {[%clk 0:44:48]} 19. Nc3 {[%clk 0:31:27]} Qf6 {[%clk 0:36:04]} 20.
Nd1 {[%clk 0:25:47]} Qxb2 {[%clk 0:31:50]} 21. Nxb2 {[%clk 0:26:15]} Nxg3 {[%clk
0:28:51]} 22. hxg3 {[%clk 0:26:39]} Rfd8 {[%clk 0:29:10]} 23. Rfd1 {[%clk
0:24:45]} Ne4 {[%clk 0:24:19]} 24. Rac1 {[%clk 0:12:58]} dxc4 {[%clk 0:18:12]}
25. Rxc4 {[%clk 0:03:39]} b5 {[%clk 0:17:05]} 26. Rc6 {[%clk 0:02:14]} Rxd1+
{[%clk 0:10:21]} 27. Nxd1 {[%clk 0:02:40]} g4 {[%clk 0:08:38]} 28. Kf1 {[%clk
0:00:54]} Bf5 {[%clk 0:07:39]} 29. Ke1 {[%clk 0:00:50]} Kg7 {[%clk 0:06:55]} 30.
a3 {[%clk 0:00:55]} Bd7 {[%clk 0:05:57]} 31. Rc7 {[%clk 0:00:56]} Be6 {[%clk
0:06:17]} 32. Nb2 {[%clk 0:00:49]} Rd8 {[%clk 0:05:35]} 33. Nd3 {[%clk 0:00:44]}
Bc4 {[%clk 0:02:57]} 34. Nf4 {[%clk 0:00:56]} Bb3 {[%clk 0:02:44]} 35. Nxh5+
{[%clk 0:01:08]} Kg6 {[%clk 0:02:35]} 36. f3 {[%clk 0:00:37]} Kxh5 {[%clk
0:01:53]} 37. fxe4 {[%clk 0:01:05]} Re8 {[%clk 0:00:55]} 38. Rc5+ {[%clk
0:01:06]} Kh6 {[%clk 0:01:25]} 39. e5 {[%clk 0:00:42]} Kg5 {[%clk 0:01:46]} 40.
e6+ {[%clk 0:31:07]} f5 {[%clk 0:32:12]} 41. e4 {[%clk 0:30:54]} Bxe6 {[%clk
0:31:30]} 42. Kd2 {[%clk 0:29:18]} Kf6 {[%clk 0:29:36]} 43. Rc6 {[%clk 0:21:26]}
fxe4 {[%clk 0:21:31]} 44. Rxa6 {[%clk 0:21:53]} Ke5 {[%clk 0:20:13]} 45. Bxb5
{[%clk 0:21:27]} Rh8 {[%clk 0:19:19]} 46. Ke3 {[%clk 0:19:00]} Rh2 {[%clk
0:17:58]} 47. Ra5 {[%clk 0:17:06]} Kf6 {[%clk 0:18:24]} 48. Kxe4 {[%clk 0:14:02]}
Rxg2 {[%clk 0:18:51]} 49. Ra6 {[%clk 0:14:12]} Rxg3 {[%clk 0:15:50]} 50. Bd7
{[%clk 0:07:01]} Rxa3 {[%clk 0:15:44]} 51. Rxe6+ {[%clk 0:07:28]} Kg5 {[%clk
0:15:50]} 52. Re8 {[%clk 0:07:43]} Ra6 {[%clk 0:11:16]} 53. Re5+ {[%clk 0:04:29]}
Kh4 {[%clk 0:11:22]} 54. Kf4 {[%clk 0:03:41]} Rb6 {[%clk 0:10:40]} 55. Bf5 {[%clk
0:03:23]} Rb4+ {[%clk 0:10:21]} 56. Be4 {[%clk 0:03:46]} Rb2 {[%clk 0:10:33]} 57.
Re8 {[%clk 0:03:15]} Rf2+ {[%clk 0:10:54]} 58. Ke5 {[%clk 0:03:03]} g3 {[%clk
0:09:26]} 59. Rh8+ {[%clk 0:02:54]} Kg4 {[%clk 0:09:53]} 60. Rg8+ {[%clk
0:03:20]} Kh3 {[%clk 0:10:16]} 61. Kd4 {[%clk 0:03:00]} g2 {[%clk 0:06:55]} 62.
Ke3 {[%clk 0:03:25]} Ra2 {[%clk 0:07:16]} 63. Bd5 {[%clk 0:01:00]} Kh2 {[%clk
0:06:45]} 64. Rh8+ {[%clk 0:01:27]} Kg3 {[%clk 0:07:11]} 65. Rg8+ {[%clk
0:01:56]} Kh2 {[%clk 0:07:36]} 66. Rh8+ {[%clk 0:00:59]} Kg3 {[%clk 0:08:01]} 67.
Rg8+ {[%clk 0:01:23]} 1/2-1/2

[Event "European Women's Championship"]
[Site "Vysoke Tatry"]
[Date "2018.04.11"]
[Round "4"]
[White "Zawadzka, Jolanta"]
[Black "Velikic, Adela"]
[Result "1/2-1/2"]
[Board "8"]
[WhiteElo "2442"]
[WhiteTitle "WGM"]
[WhiteCountry "POL"]
[WhiteFideId "1122320"]
[WhiteEloChange "-3"]
[BlackElo "2241"]
[BlackTitle "WIM"]
[BlackCountry "SRB"]
[BlackFideId "913553"]
[BlackEloChange "5"]

1. e4 {[%clk 1:30:58]} e6 {[%clk 1:30:55]} 2. d4 {[%clk 1:31:24]} d5 {[%clk
1:31:21]} 3. Nc3 {[%clk 1:31:49]} Nf6 {[%clk 1:31:45]} 4. e5 {[%clk 1:32:14]}
Nfd7 {[%clk 1:32:10]} 5. Nce2 {[%clk 1:32:35]} c5 {[%clk 1:32:09]} 6. c3 {[%clk
1:32:58]} Nc6 {[%clk 1:31:37]} 7. Nf3 {[%clk 1:33:18]} Nb6 {[%clk 1:06:47]} 8. b3
{[%clk 1:20:02]} cxd4 {[%clk 0:47:22]} 9. Nexd4 {[%clk 1:18:48]} Nd7 {[%clk
0:40:30]} 10. Bf4 {[%clk 1:11:37]} Be7 {[%clk 0:36:34]} 11. Bd3 {[%clk 1:03:08]}
g5 {[%clk 0:28:01]} 12. Bg3 {[%clk 0:44:49]} h5 {[%clk 0:18:04]} 13. h3 {[%clk
0:43:03]} Nc5 {[%clk 0:12:44]} 14. Bc2 {[%clk 0:41:22]} Bd7 {[%clk 0:10:42]} 15.
Qe2 {[%clk 0:39:09]} a6 {[%clk 0:06:41]} 16. O-O {[%clk 0:30:31]} g4 {[%clk
0:06:41]} 17. hxg4 {[%clk 0:30:45]} hxg4 {[%clk 0:03:43]} 18. Ne1 {[%clk
0:24:47]} Nxd4 {[%clk 0:03:19]} 19. cxd4 {[%clk 0:25:14]} Bb5 {[%clk 0:03:28]}
20. Nd3 {[%clk 0:25:17]} Nxd3 {[%clk 0:01:18]} 21. Bxd3 {[%clk 0:25:43]} Bxd3
{[%clk 0:01:44]} 22. Qxd3 {[%clk 0:26:09]} Kd7 {[%clk 0:00:55]} 23. Rfc1 {[%clk
0:23:53]} Qg8 {[%clk 0:00:42]} 24. Rc2 {[%clk 0:20:15]} Qg5 {[%clk 0:00:39]} 25.
Rac1 {[%clk 0:19:59]} Rac8 {[%clk 0:00:41]} 26. Rxc8 {[%clk 0:20:11]} Rxc8 {[%clk
0:01:10]} 27. Rxc8 {[%clk 0:20:32]} Kxc8 {[%clk 0:01:38]} 28. Qc2+ {[%clk
0:15:17]} Kd7 {[%clk 0:01:44]} 29. Kf1 {[%clk 0:14:53]} Qf5 {[%clk 0:01:25]} 30.
Qxf5 {[%clk 0:09:18]} 1/2-1/2

[Event "European Women's Championship"]
[Site "Vysoke Tatry"]
[Date "2018.04.11"]
[Round "4"]
[White "Shvayger, Yuliya"]
[Black "Hoang, Thanh Trang"]
[Result "1-0"]
[Board "9"]
[WhiteElo "2404"]
[WhiteTitle "IM"]
[WhiteCountry "ISR"]
[WhiteFideId "14100126"]
[WhiteEloChange "5"]
[BlackElo "2437"]
[BlackTitle "GM"]
[BlackCountry "HUN"]
[BlackFideId "12400149"]
[BlackEloChange "-5"]

1. d4 {[%clk 1:30:53]} f5 {[%clk 1:28:52]} 2. Nf3 {[%clk 1:31:01]} Nf6 {[%clk
1:29:04]} 3. c4 {[%clk 1:30:59]} g6 {[%clk 1:23:56]} 4. g3 {[%clk 1:31:20]} Bg7
{[%clk 1:24:17]} 5. Bg2 {[%clk 1:31:45]} O-O {[%clk 1:24:24]} 6. O-O {[%clk
1:31:49]} d6 {[%clk 1:24:21]} 7. Nc3 {[%clk 1:32:10]} Qe8 {[%clk 1:22:55]} 8. Re1
{[%clk 1:31:58]} Qf7 {[%clk 1:21:12]} 9. e4 {[%clk 1:31:23]} Nxe4 {[%clk
1:15:02]} 10. Nxe4 {[%clk 1:26:31]} fxe4 {[%clk 1:15:24]} 11. Rxe4 {[%clk
1:26:56]} Qxc4 {[%clk 1:02:30]} 12. Rxe7 {[%clk 1:21:34]} Bg4 {[%clk 0:43:57]}
13. Bf4 {[%clk 1:09:19]} Na6 {[%clk 0:38:53]} 14. Nd2 {[%clk 1:04:12]} Qxa2
{[%clk 0:29:50]} 15. Qc1 {[%clk 1:02:44]} 1-0

[Event "European Women's Championship"]
[Site "Vysoke Tatry"]
[Date "2018.04.11"]
[Round "4"]
[White "Ovod, Evgenija"]
[Black "Zhukova, Natalia"]
[Result "1-0"]
[Board "10"]
[WhiteElo "2366"]
[WhiteTitle "IM"]
[WhiteCountry "RUS"]
[WhiteFideId "4131827"]
[WhiteEloChange "12"]
[BlackElo "2426"]
[BlackTitle "GM"]
[BlackCountry "UKR"]
[BlackFideId "14101513"]
[BlackEloChange "-6"]

1. e4 {[%clk 1:30:57]} e6 {[%clk 1:30:38]} 2. d4 {[%clk 1:31:20]} d5 {[%clk
1:31:00]} 3. Nd2 {[%clk 1:31:43]} c5 {[%clk 1:30:22]} 4. Ngf3 {[%clk 1:32:05]}
Nc6 {[%clk 1:30:30]} 5. exd5 {[%clk 1:32:24]} exd5 {[%clk 1:30:52]} 6. Bb5 {[%clk
1:32:49]} Qe7+ {[%clk 1:30:49]} 7. Be2 {[%clk 1:33:09]} Qc7 {[%clk 1:31:08]} 8.
O-O {[%clk 1:33:29]} Nf6 {[%clk 1:31:19]} 9. Re1 {[%clk 1:33:47]} Be6 {[%clk
1:31:25]} 10. Bd3 {[%clk 1:34:09]} O-O-O {[%clk 1:26:40]} 11. dxc5 {[%clk
1:34:30]} Bxc5 {[%clk 1:26:56]} 12. Nb3 {[%clk 1:34:55]} Bb6 {[%clk 1:25:14]} 13.
Be3 {[%clk 1:35:02]} Bxe3 {[%clk 0:54:37]} 14. Rxe3 {[%clk 1:35:27]} Rhe8 {[%clk
0:42:50]} 15. h3 {[%clk 1:10:50]} Qf4 {[%clk 0:35:03]} 16. Bb5 {[%clk 1:02:59]}
Bf5 {[%clk 0:25:36]} 17. Rxe8 {[%clk 0:59:44]} Rxe8 {[%clk 0:24:29]} 18. Bxc6
{[%clk 0:50:50]} bxc6 {[%clk 0:24:52]} 19. Nfd4 {[%clk 0:51:17]} Ne4 {[%clk
0:18:30]} 20. Qf1 {[%clk 0:51:38]} Bd7 {[%clk 0:14:39]} 21. Qa6+ {[%clk 0:42:40]}
Kd8 {[%clk 0:14:27]} 22. Rf1 {[%clk 0:41:52]} Qc7 {[%clk 0:11:22]} 23. Na5 {[%clk
0:34:48]} c5 {[%clk 0:11:42]} 24. Ndc6+ {[%clk 0:34:59]} Bxc6 {[%clk 0:11:42]}
25. Nxc6+ {[%clk 0:35:25]} Kd7 {[%clk 0:12:24]} 26. Nxa7 {[%clk 0:35:46]} Re6
{[%clk 0:04:37]} 27. Qa4+ {[%clk 0:35:20]} Ke7 {[%clk 0:05:06]} 28. Nb5 {[%clk
0:35:43]} Qd7 {[%clk 0:03:49]} 29. Qa5 {[%clk 0:29:02]} Rg6 {[%clk 0:03:08]} 30.
Nc3 {[%clk 0:28:44]} Qd6 {[%clk 0:00:32]} 31. Qa7+ {[%clk 0:24:06]} Ke6 {[%clk
0:00:44]} 32. Re1 {[%clk 0:20:23]} f5 {[%clk 0:01:11]} 33. Qb7 {[%clk 0:19:52]}
h5 {[%clk 0:00:46]} 34. Re2 {[%clk 0:16:38]} Qe5 {[%clk 0:00:37]} 35. f3 {[%clk
0:11:36]} Qd4+ {[%clk 0:00:36]} 36. Kh1 {[%clk 0:11:38]} 1-0

[Event "European Women's Championship"]
[Site "Vysoke Tatry"]
[Date "2018.04.11"]
[Round "4"]
[White "Buksa, Nataliya"]
[Black "Ushenina, Anna"]
[Result "0-1"]
[Board "11"]
[WhiteElo "2357"]
[WhiteTitle "WGM"]
[WhiteCountry "UKR"]
[WhiteFideId "14123622"]
[WhiteEloChange "-8"]
[BlackElo "2422"]
[BlackTitle "GM"]
[BlackCountry "UKR"]
[BlackFideId "14110911"]
[BlackEloChange "4"]

1. e4 {[%clk 1:30:57]} e5 {[%clk 1:30:54]} 2. Nf3 {[%clk 1:31:23]} Nc6 {[%clk
1:31:20]} 3. Bb5 {[%clk 1:31:35]} a6 {[%clk 1:31:44]} 4. Ba4 {[%clk 1:32:01]} b5
{[%clk 1:31:55]} 5. Bb3 {[%clk 1:32:26]} g6 {[%clk 1:32:21]} 6. c3 {[%clk
1:26:04]} Bg7 {[%clk 1:32:25]} 7. d4 {[%clk 1:24:58]} exd4 {[%clk 1:32:40]} 8.
cxd4 {[%clk 1:24:19]} Nge7 {[%clk 1:32:33]} 9. O-O {[%clk 1:06:17]} O-O {[%clk
1:32:01]} 10. Nc3 {[%clk 1:00:56]} d6 {[%clk 1:30:21]} 11. h3 {[%clk 1:00:43]}
Na5 {[%clk 1:29:45]} 12. Bc2 {[%clk 1:01:09]} c5 {[%clk 1:29:39]} 13. dxc5 {[%clk
0:45:10]} dxc5 {[%clk 1:29:42]} 14. Qxd8 {[%clk 0:45:37]} Rxd8 {[%clk 1:30:07]}
15. Be3 {[%clk 0:46:06]} Nec6 {[%clk 1:27:05]} 16. Bxc5 {[%clk 0:40:03]} Be6
{[%clk 1:27:07]} 17. e5 {[%clk 0:18:41]} Nc4 {[%clk 1:12:49]} 18. Be4 {[%clk
0:18:59]} Rac8 {[%clk 1:12:53]} 19. Bxc6 {[%clk 0:14:13]} Rxc6 {[%clk 1:12:23]}
20. Bd4 {[%clk 0:14:36]} Nxb2 {[%clk 0:57:58]} 21. Nxb5 {[%clk 0:13:23]} axb5
{[%clk 0:58:18]} 22. Bxb2 {[%clk 0:13:49]} Rc2 {[%clk 0:58:42]} 23. Rfb1 {[%clk
0:11:33]} Bf8 {[%clk 0:58:53]} 24. Nd4 {[%clk 0:11:37]} Rxb2 {[%clk 0:56:36]} 25.
Rxb2 {[%clk 0:12:06]} Rxd4 {[%clk 0:57:00]} 26. Rxb5 {[%clk 0:12:36]} Ra4 {[%clk
0:57:16]} 27. Kh2 {[%clk 0:09:48]} h5 {[%clk 0:56:10]} 28. Rb8 {[%clk 0:08:26]}
Kg7 {[%clk 0:56:18]} 29. Rd1 {[%clk 0:07:37]} Bc5 {[%clk 0:53:49]} 30. Rdd8
{[%clk 0:07:15]} Kh6 {[%clk 0:53:06]} 31. Ra8 {[%clk 0:05:50]} Rxa8 {[%clk
0:37:06]} 32. Rxa8 {[%clk 0:06:19]} Bxf2 {[%clk 0:37:29]} 33. a4 {[%clk 0:05:27]}
h4 {[%clk 0:37:19]} 34. Ra5 {[%clk 0:04:40]} Bc4 {[%clk 0:33:22]} 35. Kh1 {[%clk
0:04:58]} Bb6 {[%clk 0:26:46]} 36. Ra8 {[%clk 0:05:27]} Kg5 {[%clk 0:26:24]} 37.
a5 {[%clk 0:05:00]} Bf2 {[%clk 0:26:38]} 38. a6 {[%clk 0:03:39]} Kf4 {[%clk
0:23:26]} 39. a7 {[%clk 0:02:47]} Be6 {[%clk 0:23:30]} 40. Rh8 {[%clk 0:30:46]}
Bxa7 {[%clk 0:53:52]} 41. Rxh4+ {[%clk 0:31:13]} Kxe5 {[%clk 0:49:56]} 42. Ra4
{[%clk 0:30:45]} Bd4 {[%clk 0:49:16]} 43. Kh2 {[%clk 0:30:15]} Ke4 {[%clk
0:46:41]} 44. Ra3 {[%clk 0:30:34]} Be5+ {[%clk 0:46:56]} 45. Kg1 {[%clk 0:27:51]}
Bd5 {[%clk 0:46:15]} 46. Kf2 {[%clk 0:28:11]} f6 {[%clk 0:44:53]} 47. Ra4+ {[%clk
0:25:35]} Bd4+ {[%clk 0:43:59]} 48. Kg3 {[%clk 0:26:01]} Ke3 {[%clk 0:41:08]} 49.
Kh2 {[%clk 0:26:03]} Be4 {[%clk 0:34:46]} 50. Ra2 {[%clk 0:24:27]} Bd3 {[%clk
0:34:33]} 51. Kg1 {[%clk 0:21:49]} Bc3 {[%clk 0:32:45]} 52. Ra3 {[%clk 0:21:24]}
Bd2 {[%clk 0:32:58]} 53. Rb3 {[%clk 0:20:21]} Ke2 {[%clk 0:33:13]} 54. Rb2 {[%clk
0:20:37]} Ke1 {[%clk 0:32:29]} 55. Rb3 {[%clk 0:19:43]} Be4 {[%clk 0:30:57]} 56.
Ra3 {[%clk 0:19:30]} Ke2 {[%clk 0:30:56]} 57. Ra2 {[%clk 0:19:52]} f5 {[%clk
0:30:57]} 58. h4 {[%clk 0:18:05]} f4 {[%clk 0:30:13]} 59. Rb2 {[%clk 0:17:11]}
Ke1 {[%clk 0:23:18]} 60. Ra2 {[%clk 0:17:06]} Be3+ {[%clk 0:22:25]} 61. Kh2
{[%clk 0:16:39]} Bf2 {[%clk 0:22:37]} 62. Ra1+ {[%clk 0:04:05]} Ke2 {[%clk
0:22:59]} 63. Ra4 {[%clk 0:03:54]} Bg3+ {[%clk 0:23:11]} 64. Kg1 {[%clk 0:04:23]}
Bf5 {[%clk 0:22:28]} 65. h5 {[%clk 0:02:35]} gxh5 {[%clk 0:22:42]} 66. Ra3 {[%clk
0:02:32]} h4 {[%clk 0:22:38]} 67. Ra5 {[%clk 0:01:53]} Be4 {[%clk 0:22:28]} 68.
Re5 {[%clk 0:02:11]} Ke3 {[%clk 0:22:32]} 69. Kf1 {[%clk 0:02:36]} Kd4 {[%clk
0:18:24]} 70. Re8 {[%clk 0:03:04]} Bf5 {[%clk 0:17:53]} 71. Re7 {[%clk 0:03:23]}
h3 {[%clk 0:16:56]} 72. gxh3 {[%clk 0:02:35]} Bxh3+ {[%clk 0:17:02]} 73. Kg1
{[%clk 0:02:44]} Bf5 {[%clk 0:16:11]} 74. Kf1 {[%clk 0:00:48]} Be4 {[%clk
0:16:28]} 75. Rg7 {[%clk 0:00:35]} Ke3 {[%clk 0:16:36]} 76. Kg1 {[%clk 0:01:04]}
Be1 {[%clk 0:16:23]} 77. Re7 {[%clk 0:01:23]} Bb4 {[%clk 0:15:48]} 78. Re8 {[%clk
0:01:52]} Kf3 {[%clk 0:15:49]} 79. Rc8 {[%clk 0:01:10]} Ke3 {[%clk 0:15:24]} 80.
Re8 {[%clk 0:01:39]} Bc5 {[%clk 0:15:23]} 81. Kf1 {[%clk 0:01:25]} Kf3 {[%clk
0:14:58]} 82. Rd8 {[%clk 0:01:37]} Bf5 {[%clk 0:15:15]} 83. Rb8 {[%clk 0:01:01]}
Bh3+ {[%clk 0:14:33]} 84. Ke1 {[%clk 0:01:30]} Bf2+ {[%clk 0:14:50]} 85. Kd2
{[%clk 0:01:59]} Kg2 {[%clk 0:14:39]} 86. Rg8+ {[%clk 0:02:20]} Bg3 {[%clk
0:14:47]} 87. Rf8 {[%clk 0:02:46]} f3 {[%clk 0:14:54]} 88. Ke3 {[%clk 0:03:12]}
f2 {[%clk 0:15:14]} 89. Rf7 {[%clk 0:03:07]} f1Q {[%clk 0:15:33]} 90. Rxf1 {[%clk
0:03:34]} Kxf1 {[%clk 0:16:00]} 91. Kf3 {[%clk 0:04:00]} Bf2 {[%clk 0:16:11]} 92.
Kf4 {[%clk 0:04:27]} Ke2 {[%clk 0:16:36]} 93. Ke4 {[%clk 0:04:53]} Bg2+ {[%clk
0:16:56]} 94. Kf4 {[%clk 0:05:20]} Kd3 {[%clk 0:17:02]} 95. Ke5 {[%clk 0:05:46]}
Bg3+ {[%clk 0:17:10]} 96. Kf5 {[%clk 0:06:12]} Kd4 {[%clk 0:17:27]} 97. Kg4
{[%clk 0:06:35]} Be5 {[%clk 0:17:19]} 98. Kf5 {[%clk 0:07:02]} Bh3+ {[%clk
0:17:36]} 99. Kg5 {[%clk 0:07:28]} Ke4 {[%clk 0:17:56]} 100. Kg6 {[%clk 0:07:54]}
Be6 {[%clk 0:18:12]} 101. Kg5 {[%clk 0:08:20]} Bd4 {[%clk 0:18:24]} 102. Kg6
{[%clk 0:08:48]} Kf4 {[%clk 0:18:42]} 103. Kh5 {[%clk 0:09:15]} Bg4+ {[%clk
0:17:01]} 104. Kh6 {[%clk 0:09:35]} Kf5 {[%clk 0:17:13]} 105. Kh7 {[%clk
0:10:04]} Kf6 {[%clk 0:17:28]} 106. Kh6 {[%clk 0:10:23]} Be3+ {[%clk 0:17:22]}
107. Kh7 {[%clk 0:10:49]} Kf7 {[%clk 0:17:30]} 108. Kh8 {[%clk 0:11:16]} Bh5
{[%clk 0:17:51]} 109. Kh7 {[%clk 0:11:43]} Bg6+ {[%clk 0:18:18]} 110. Kh8 {[%clk
0:12:08]} Bd4# {[%clk 0:18:45]} 0-1

[Event "European Women's Championship"]
[Site "Vysoke Tatry"]
[Date "2018.04.11"]
[Round "4"]
[White "Goryachkina, Aleksandra"]
[Black "Maltsevskaya, Aleksandra"]
[Result "1-0"]
[Board "12"]
[WhiteElo "2495"]
[WhiteTitle "WGM"]
[WhiteCountry "RUS"]
[WhiteFideId "4147103"]
[WhiteEloChange "2"]
[BlackElo "2237"]
[BlackCountry "RUS"]
[BlackFideId "24174041"]
[BlackEloChange "-4"]

1. e4 {[%clk 1:30:57]} c5 {[%clk 1:30:46]} 2. Nf3 {[%clk 1:31:19]} e6 {[%clk
1:31:09]} 3. d4 {[%clk 1:31:33]} cxd4 {[%clk 1:31:27]} 4. Nxd4 {[%clk 1:31:59]}
a6 {[%clk 1:31:07]} 5. Nc3 {[%clk 1:31:42]} Nc6 {[%clk 1:31:13]} 6. Bf4 {[%clk
1:31:22]} Nxd4 {[%clk 1:27:39]} 7. Qxd4 {[%clk 1:31:40]} Ne7 {[%clk 1:28:00]} 8.
O-O-O {[%clk 1:27:41]} Nc6 {[%clk 1:25:39]} 9. Qe3 {[%clk 1:25:37]} e5 {[%clk
1:18:48]} 10. Bg5 {[%clk 1:21:55]} Bc5 {[%clk 1:10:01]} 11. Qxc5 {[%clk 1:14:43]}
Qxg5+ {[%clk 1:10:22]} 12. f4 {[%clk 1:14:20]} Qe7 {[%clk 1:00:22]} 13. Qf2
{[%clk 1:14:08]} exf4 {[%clk 0:53:58]} 14. Nd5 {[%clk 1:06:47]} Qd8 {[%clk
0:53:47]} 15. e5 {[%clk 1:05:36]} O-O {[%clk 0:49:21]} 16. Qxf4 {[%clk 1:04:25]}
Ne7 {[%clk 0:41:33]} 17. Nxe7+ {[%clk 0:53:56]} Qxe7 {[%clk 0:41:55]} 18. Bd3
{[%clk 0:53:40]} g6 {[%clk 0:38:55]} 19. h4 {[%clk 0:50:25]} b5 {[%clk 0:19:17]}
20. h5 {[%clk 0:48:11]} Re8 {[%clk 0:13:39]} 21. hxg6 {[%clk 0:37:55]} fxg6
{[%clk 0:13:57]} 22. Be4 {[%clk 0:32:15]} Ra7 {[%clk 0:11:08]} 23. Bd5+ {[%clk
0:31:03]} Kh8 {[%clk 0:11:30]} 24. Qd4 {[%clk 0:27:03]} d6 {[%clk 0:06:29]} 25.
exd6+ {[%clk 0:25:38]} Qg7 {[%clk 0:06:54]} 26. Rxh7+ {[%clk 0:24:54]} 1-0

[Event "European Women's Championship"]
[Site "Vysoke Tatry"]
[Date "2018.04.11"]
[Round "4"]
[White "Savina, Anastasia"]
[Black "Batsiashvili, Nino"]
[Result "1-0"]
[Board "13"]
[WhiteElo "2358"]
[WhiteTitle "IM"]
[WhiteCountry "RUS"]
[WhiteFideId "4196872"]
[WhiteEloChange "14"]
[BlackElo "2521"]
[BlackTitle "IM"]
[BlackCountry "GEO"]
[BlackFideId "13602993"]
[BlackEloChange "-7"]

1. d4 {[%clk 1:30:54]} Nf6 {[%clk 1:30:57]} 2. c4 {[%clk 1:31:07]} b6 {[%clk
1:31:22]} 3. f3 {[%clk 1:19:43]} c5 {[%clk 1:14:35]} 4. d5 {[%clk 1:19:08]} e6
{[%clk 0:59:12]} 5. e4 {[%clk 1:17:06]} exd5 {[%clk 0:56:23]} 6. cxd5 {[%clk
1:17:14]} Bd6 {[%clk 0:52:58]} 7. Nc3 {[%clk 1:15:23]} O-O {[%clk 0:53:05]} 8.
Nh3 {[%clk 0:43:07]} Re8 {[%clk 0:50:03]} 9. Nf2 {[%clk 0:41:23]} Ba6 {[%clk
0:40:41]} 10. Bxa6 {[%clk 0:29:52]} Nxa6 {[%clk 0:41:10]} 11. Nb5 {[%clk
0:30:03]} Be5 {[%clk 0:29:33]} 12. d6 {[%clk 0:22:47]} Qc8 {[%clk 0:10:30]} 13.
O-O {[%clk 0:09:05]} Qc6 {[%clk 0:10:46]} 14. a4 {[%clk 0:09:21]} Nh5 {[%clk
0:05:21]} 15. g3 {[%clk 0:06:04]} g6 {[%clk 0:05:34]} 16. f4 {[%clk 0:06:05]} Bh8
{[%clk 0:06:03]} 17. Ra3 {[%clk 0:04:12]} Rf8 {[%clk 0:01:41]} 18. g4 {[%clk
0:03:50]} Nf6 {[%clk 0:01:56]} 19. e5 {[%clk 0:03:55]} Ne4 {[%clk 0:02:04]} 20.
Nxe4 {[%clk 0:02:23]} Qxe4 {[%clk 0:02:32]} 21. Nc3 {[%clk 0:02:15]} Qd4+ {[%clk
0:00:48]} 22. Qxd4 {[%clk 0:02:02]} cxd4 {[%clk 0:01:17]} 23. Nd5 {[%clk
0:02:09]} f6 {[%clk 0:01:34]} 24. Ne7+ {[%clk 0:01:56]} Kg7 {[%clk 0:01:21]} 25.
Rd1 {[%clk 0:00:39]} fxe5 {[%clk 0:01:05]} 26. fxe5 {[%clk 0:01:04]} Kf7 {[%clk
0:00:53]} 27. Bh6 {[%clk 0:00:41]} Rfe8 {[%clk 0:00:47]} 28. Rxd4 {[%clk
0:00:37]} Ke6 {[%clk 0:00:57]} 29. Bf4 {[%clk 0:00:38]} Rf8 {[%clk 0:00:59]} 30.
Bg3 {[%clk 0:00:46]} g5 {[%clk 0:00:47]} 31. b4 {[%clk 0:00:47]} Rad8 {[%clk
0:00:46]} 32. Re3 {[%clk 0:00:43]} Rb8 {[%clk 0:00:59]} 33. Kg2 {[%clk 0:00:36]}
b5 {[%clk 0:01:17]} 34. a5 {[%clk 0:00:52]} Rbd8 {[%clk 0:01:09]} 35. Ree4 {[%clk
0:00:37]} Rb8 {[%clk 0:01:24]} 36. Rd2 {[%clk 0:00:40]} Rbd8 {[%clk 0:01:38]} 37.
Rd5 {[%clk 0:00:42]} Rb8 {[%clk 0:02:06]} 38. Rd2 {[%clk 0:00:57]} Rbd8 {[%clk
0:02:30]} 39. Nf5 {[%clk 0:00:34]} Rc8 {[%clk 0:01:18]} 40. Nd4+ {[%clk 0:30:36]}
Kd5 {[%clk 0:30:35]} 41. Nf3+ {[%clk 0:19:25]} Kc6 {[%clk 0:30:18]} 42. Nxg5
{[%clk 0:19:21]} h6 {[%clk 0:30:34]} 43. Nf3 {[%clk 0:18:37]} Kb7 {[%clk
0:30:10]} 44. Nh4 {[%clk 0:14:12]} Rfe8 {[%clk 0:28:01]} 45. Nf5 {[%clk 0:10:57]}
Rc4 {[%clk 0:27:42]} 46. Rxc4 {[%clk 0:08:08]} bxc4 {[%clk 0:28:10]} 47. Ne7
{[%clk 0:08:24]} c3 {[%clk 0:24:14]} 48. Rc2 {[%clk 0:08:26]} Nxb4 {[%clk
0:24:10]} 49. Rxc3 {[%clk 0:08:50]} Ka6 {[%clk 0:23:26]} 50. Rb3 {[%clk 0:06:29]}
Nc2 {[%clk 0:23:18]} 51. e6 {[%clk 0:05:04]} Nd4 {[%clk 0:19:27]} 52. exd7 {[%clk
0:05:28]} Rd8 {[%clk 0:19:51]} 53. Rd3 {[%clk 0:02:59]} Rxd7 {[%clk 0:19:53]} 54.
Rxd4 {[%clk 0:02:59]} Bxd4 {[%clk 0:20:15]} 55. Nc6 {[%clk 0:03:25]} Kb5 {[%clk
0:16:29]} 56. Nxd4+ {[%clk 0:03:52]} Kxa5 {[%clk 0:16:53]} 57. Kf3 {[%clk
0:04:02]} Kb6 {[%clk 0:16:57]} 58. Ke4 {[%clk 0:04:10]} a5 {[%clk 0:17:17]} 59.
Kd5 {[%clk 0:04:09]} Rg7 {[%clk 0:16:17]} 60. Be5 {[%clk 0:03:56]} Rxg4 {[%clk
0:13:00]} 61. d7 {[%clk 0:03:58]} Rg8 {[%clk 0:13:28]} 62. Ne6 {[%clk 0:03:46]}
1-0